119th United States Congress: Senate - Statistics

General Stats
  • This quiz has been taken 3,395 times
    86 since last reset
  • The average score is 74 of 100
Answer Stats
State Political Party Senator % Correct
Vermont Independent Bernie Sanders
96%
Maine Independent Angus King
93%
New York Democratic Chuck Schumer
93%
Kentucky Republican Mitch McConnell
93%
Texas Republican Ted Cruz
93%
Illinois Democratic Dick Durbin
91%
Alaska Republican Lisa Murkowski
91%
Arizona Democratic Mark Kelly
91%
Maine Republican Susan Collins
91%
New Jersey Democratic Cory Booker
89%
Texas Republican John Cornyn
89%
Pennsylvania Democratic John Fetterman
89%
Florida Republican Rick Scott
89%
South Carolina Republican Tim Scott
89%
Mississippi Republican Cindy Hyde-Smith
87%
Michigan Democratic Gary Peters
87%
Louisiana Republican John Kennedy
87%
California Democratic Adam Schiff
85%
Alaska Republican Dan Sullivan
85%
Georgia Democratic Jon Ossoff
85%
South Carolina Republican Lindsey Graham
85%
Arizona Democratic Ruben Gallego
85%
Minnesota Democratic Tina Smith
85%
Massachusetts Democratic Elizabeth Warren
83%
Utah Republican Mike Lee
83%
Georgia Democratic Raphael Warnock
83%
Virginia Democratic Tim Kaine
83%
Alabama Republican Tommy Tuberville
83%
Iowa Republican Chuck Grassley
81%
Colorado Democratic John Hickenlooper
81%
New York Democratic Kirsten Gillibrand
81%
Kentucky Republican Rand Paul
81%
California Democratic Alex Padilla
80%
Ohio Republican Bernie Moreno
80%
Massachusetts Democratic Ed Markey
80%
South Dakota Republican John Thune
80%
Missouri Republican Josh Hawley
80%
Wisconsin Republican Ron Johnson
80%
Wisconsin Democratic Tammy Baldwin
80%
Illinois Democratic Tammy Duckworth
80%
North Carolina Republican Thom Tillis
80%
Minnesota Democratic Amy Klobuchar
78%
Maryland Democratic Chris Van Hollen
78%
Michigan Democratic Elissa Slotkin
78%
Iowa Republican Joni Ernst
78%
Tennessee Republican Marsha Blackburn
78%
Maryland Democratic Angela Alsobrooks
76%
Nevada Democratic Catherine Cortez Masto
76%
West Virginia Republican Jim Justice
76%
Hawaii Democratic Mazie Hirono
76%
Arkansas Republican Tom Cotton
76%
New Jersey Democratic Andy Kim
74%
Louisiana Republican Bill Cassidy
74%
New Hampshire Democratic Jeanne Shaheen
74%
Alabama Republican Katie Britt
74%
Rhode Island Democratic Sheldon Whitehouse
74%
West Virginia Republican Shelley Moore Capito
74%
Delaware Democratic Chris Coons
72%
Connecticut Democratic Chris Murphy
72%
Nebraska Republican Deb Fischer
72%
New Hampshire Democratic Maggie Hassan
72%
Virginia Democratic Mark Warner
72%
Colorado Democratic Michael Bennet
72%
Hawaii Democratic Brian Schatz
70%
Connecticut Democratic Richard Blumenthal
70%
Pennsylvania Republican David McCormick
69%
Nebraska Republican Pete Ricketts
69%
Florida Republican Ashley Moody
67%
New Mexico Democratic Ben Ray Luján
67%
Ohio Republican Jon Husted
67%
Delaware Democratic Lisa Blunt Rochester
67%
Washington Democratic Patty Murray
67%
Vermont Democratic Peter Welch
67%
Kansas Republican Roger Marshall
67%
Montana Republican Steve Daines
67%
North Carolina Republican Ted Budd
67%
Oregon Democratic Jeff Merkley
65%
Wyoming Republican John Barrasso
65%
New Mexico Democratic Martin Heinrich
65%
Montana Republican Tim Sheehy
65%
Nevada Democratic Jacky Rosen
63%
Utah Republican John Curtis
63%
Idaho Republican Mike Crapo
63%
Indiana Republican Todd Young
63%
Rhode Island Democratic Jack Reed
61%
Arkansas Republican John Boozman
61%
South Dakota Republican Mike Rounds
61%
Oklahoma Republican James Lankford
59%
Mississippi Republican Roger Wicker
59%
Idaho Republican Jim Risch
57%
Washington Democratic Maria Cantwell
57%
Wyoming Republican Cynthia Lummis
56%
Oregon Democratic Ron Wyden
56%
North Dakota Republican John Hoeven
54%
Oklahoma Republican Alan S. Armstrong
52%
Tennessee Republican Bill Hagerty
52%
Missouri Republican Eric Schmitt
52%
Kansas Republican Jerry Moran
52%
Indiana Republican Jim Banks
52%
North Dakota Republican Kevin Cramer
52%
No matching quizzes found
Score Distribution
Percent of People with Each Score
Percentile by Number Answered
Your Score History
You have not taken this quiz since the last reset